Records Olympiques d'Athlétisme - Statistiques

Statistiques générales
  • Ce quiz a été pris 194 fois
  • Le résultat moyen est 13 sur 19
Statistiques - réponses
Réponse % Correct
Etats-Unis
99%
Jamaïque
96%
France
94%
Kenya
92%
Ethiopie
87%
URSS
87%
RDA
84%
Russie
83%
Chine
75%
Brésil
72%
Afrique du sud
70%
Pologne
69%
Cuba
61%
Australie
58%
Norvège
53%
République Tchèque
49%
Roumanie
33%
Lituanie
23%
Cameroun
9%
Aucun quiz correspondant
Distribution des résultats
% des personnes avec chaque résultat
Percentile par nombre de réponses
Votre historique - résultats
Vous n’avez pas pris ce quiz